Méltoságos Gelei Makay Antal Beszterczei püspök...üdvösséges énekei

Podrobná bibliografia
Hlavný autor: Benyák, Bernát József, 1745-1829 (Autor)
Médium: Kniha
Jazyk:maďarčina
Fyzický popis:59 s. 8°
Vydavateľské údaje: Selmecz [s.n.] 1821

MARC

LEADER 00000nam a2200000 a 4500
001 vtls001275210
003 SK-MaSNL
005 20260301195438.0
008 160404s1821 xo 0 hun
035 |a SNK000226415 
040 |a SNK  |b slo  |c SNK  |e AACR2 
041 0 |a hun 
044 |a xo  |c SK 
100 1 |a Benyák, Bernát József,  |d 1745-1829  |4 aut  |9 282740 
245 1 |a Méltoságos Gelei Makay Antal  |b Beszterczei püspök...üdvösséges énekei  |c József Bernát Benyák 
260 |a Selmecz  |b [s.n.]  |c 1821 
300 |a 59 s.  |c 8° 
500 |a Szinnyei: Bibl. I., str. 875 
958 |a RK 
999 |c 885746  |d 887676 
952 |t P60, <03>, [BOOK], {603}  |a SNK  |b SNK  |y PREZ  |7 0  |p 17A0306460  |o snkSD 43224  |i snkK 3421/73  |0 0  |1 0  |4 0  |d 1997-02-10  |l 0  |r 2005-01-02 00:00:00  |w 2026-02-24